Statistics for Countries Closest to Vietnam

Click here to take the quiz!

General Stats

  • This quiz has been taken 30,718 times
  • The average score is 18 of 20

Answer Stats

km country miles % Correct
0China0
99%
0Cambodia0
97%
0Laos0
97%
104Thailand65
97%
725India451
97%
600Indonesia373
96%
390Malaysia242
93%
1558Japan968
93%
126Myanmar78
92%
2221South Korea1380
91%
805Singapore500
90%
2405North Korea1495
89%
945Philippines587
89%
1492Nepal927
88%
985Bangladesh612
87%
1088Taiwan676
86%
1131Bhutan703
83%
2026Mongolia1259
81%
2439Sri Lanka1515
80%
956Brunei594
77%

Score Distribution

Percentile by Number Answered

Percent of People with Each Score

Your Score History

You have not taken this quiz